Ekonomika i pravo teorija i praktika pravovogo regulirovanija chozjastvennych otnošenij

Salvato in:
Dettagli Bibliografici
Autore principale: Laptev, Vladimir Viktorovič
Natura: Libro
Lingua:russo
Pubblicazione: Moskva Ekonomika 1981
Tags: Aggiungi Tag
Nessun Tag, puoi essere il primo ad aggiungerne!!

MARC

LEADER 00000nam a2200000 4500
001 c137557
005 20041019155310.3
041 0 |a rus 
044 |a RU 
245 1 0 |a Ekonomika i pravo  |b teorija i praktika pravovogo regulirovanija chozjastvennych otnošenij 
264 1 |a Moskva  |b Ekonomika  |c 1981 
300 |a 213 s. 
100 1 |a Laptev, Vladimir Viktorovič